Kingdom Hearts- Every Keyblade - Statistics

General Stats
  • This quiz has been taken 66 times
  • The average score is 48 of 129
Answer Stats
Hint Answer % Correct
KH1 Kingdom Key
100%
Oathkeeper
90%
Oblivion
90%
Ultima Weapon
88%
Coded Zero/One
79%
Metal Chocobo
74%
One Winged Angel
74%
Pumpkinhead
74%
Kingdom Key D
71%
Lady Luck
71%
Crabclaw
69%
Three Wishes
69%
Diamond Dust
67%
Jungle King
67%
Olympia
67%
Fenrir
64%
KH2 Starseeker
64%
Wishing Star
64%
Fairy Harp
62%
Lionheart
62%
Spellbinder
62%
Way to the Dawn
62%
Divine Rose
57%
Hero's Crest
57%
Bond of Flame
55%
Decisive Pumpkin
55%
Hidden Dragon
52%
Mysterious Abyss
52%
Circle of Life
50%
Monochrome
50%
Sweet Memories
50%
Wishing Lamp
50%
Favorite Deputy
48%
Follow the Wind
48%
No Name (MX)
48%
Photon Debugger
48%
Rumbling Rose
48%
Two Become One
48%
Destiny's Embrace
45%
BBS Earthshaker
45%
No Name (YX)
45%
Fatal Crest
43%
Sleeping Lion
43%
Void Gear
43%
Guardian Soul
40%
Gull Wing
40%
Happy Gear
40%
Union X Starlight
40%
Wayward Wind
40%
Winners Proof
40%
Ends of the Earth
38%
Stormfall
38%
Stroke of Midnight
38%
Treasure Trove
38%
Lost Memory
36%
Rainfell
36%
Sweetstack
36%
X-blade
36%
Braveheart
33%
Chaos Ripper
33%
End of Pain
33%
Nano Gear
33%
All For One
31%
Darkgnaw
31%
Divewing
31%
Hyperdrive
31%
Pixie Petal
31%
Crystal Snow
29%
Ever After
29%
Fairy Stars
29%
Master's Defender
29%
Wooden Stick
29%
Keyblade of Heart
26%
Shooting Star
26%
DDD Skull Noise
26%
Brightcrest
24%
Dual Disc
24%
Frolic Flame
24%
Grand Chef
24%
Guardian Bell
24%
KH3 Hero's Origin
24%
Hunny Spout
24%
Knockout Punch
24%
Unbound
24%
Victory Line
24%
Wheel of Fate
24%
Ferris Gear
21%
Classic Tone
19%
Counterpoint
19%
Mark of a Hero
19%
Umbrella
19%
Aced
17%
Ava
17%
Invi
17%
Leviathan
17%
Ocean Rage
17%
Star Cluster
17%
Sweet Dreams
17%
Aublade
14%
Dream Sword
14%
Gula
14%
Ira
14%
Omega Weapon
14%
Abaddon Plasma
12%
Abyssal Tide
12%
Bad Guy Breaker
12%
Crown Unlimit
12%
Flame Liberator
12%
Glimpse of Darkness
12%
358/2 Missing Ache
12%
Moogle O' Glory
12%
Rejection of Fate
12%
Twilight Blaze
12%
Astral Blast
10%
Crown of Guilt
10%
Darker than Dark
10%
Maverick Flare
10%
Sign of Innocence
10%
Lunar Eclipse
7%
Ominous Blight
7%
Silent Dirge
7%
Pain of Solitude
5%
Total Eclipse
5%
True Light's Flight
5%
Midnight's Roar
0%
No matching quizzes found
Score Distribution
Percent of People with Each Score
Percentile by Number Answered
Your Score History
You have not taken this quiz